Využitie projektového vyučovania na hodinách účtovníctva na obchodných akadémiách
Pojem projektové vyučovanie a jeho charakteristika. Podmienky, ktoré by mal spĺňať projekt využitý vo vyučovaní. Projektové vyučovanie ako alternatíva tradičného súvislého príkladu.
Salvato in:
| Autore principale: | |
|---|---|
| Altri autori: | |
| Natura: | Capitolo di libro |
| Lingua: | slovacco |
| Soggetti: | |
| Tags: |
Nessun Tag, puoi essere il primo ad aggiungerne!!
|
MARC
| LEADER | 00000nla a2200000 4500 | ||
|---|---|---|---|
| 001 | 0237354 | ||
| 005 | 20240502073831.2 | ||
| 041 | 0 | |a slo | |
| 044 | |a SK | ||
| 245 | 1 | 0 | |a Využitie projektového vyučovania na hodinách účtovníctva na obchodných akadémiách |c Rudolf Šlosár, Jaromír Novák |
| 520 | |a Pojem projektové vyučovanie a jeho charakteristika. Podmienky, ktoré by mal spĺňať projekt využitý vo vyučovaní. Projektové vyučovanie ako alternatíva tradičného súvislého príkladu. | ||
| 610 | 2 | 0 | |a vzdelávanie |
| 610 | 2 | 0 | |a vyučovanie |
| 610 | 2 | 0 | |a projekty |
| 610 | 2 | 0 | |a školy stredné odborné |
| 610 | 2 | 0 | |a predmety učebné |
| 610 | 2 | 0 | |a účtovníctvo |
| 100 | 1 | |a Šlosár, Rudolf | |
| 700 | 1 | |a Novák, Jaromír, 1978- | |